| 000 | 00887nam a22002297a 4500 | ||
|---|---|---|---|
| 999 |
_c15297 _d15297 |
||
| 003 | AR-CdUCM | ||
| 008 | 190228b ||||| |||| 00| 0 spa d | ||
| 040 |
_aMUNICIPALIDAD PROVINCIAL DEL CUSCO _cBIBLIOTECA MUNICIPAL DEL CUSCO |
||
| 082 |
_2C / 808.5 / _aM95 |
||
| 110 |
_aMunicipalidad del Qosqo _96414 |
||
| 245 | _aMemoria 1993 - 1995 / | ||
| 260 |
_aCusco : _bMunicipal del Qosqo; _b[Talleres de América Printers], _c1993. |
||
| 300 |
_a52 páginas ; _c17 cm. |
||
| 505 | _aDiscurso pronunciado por el alcalde reelecto del Qosqo, con motivo de la instalación del Consejo Municipal para el periodo 1933 - 1995 | ||
| 650 |
_aGobiernos locales - Cusco _96665 |
||
| 650 |
_aMemorias - Municipalidad del Qosqo _96666 |
||
| 650 |
_aDaniel Estrada Pérez _96667 |
||
| 650 |
_a1990-1995 _96668 |
||
| 700 |
_aDaniel Estrada Pérez _96669 |
||
| 942 |
_2ddc _cFOLLETOS |
||
| 945 | _awfj | ||